Quiz photo des députés du Québec - partie 2 - Statistiques

Statistiques générales
  • Ce quiz a été pris 20 fois
  • Le résultat moyen est 15 sur 40
Statistiques - réponses
Par images Hint Réponse % Correct
L'Assomption François Legault
100%
Terrebonne Pierre Fitzgibbon
86%
Groulx Eric Girard
71%
Bertrand France-Élaine Duranceau
71%
Chambly Jean-François Roberge
71%
Îles-de-la-Madeleine Joël Arseneau
71%
Repentigny Pascale Déry
71%
Borduas Simon Jolin-Barrette
71%
Deux-Montagnes Benoit Charette
57%
Berthier Caroline Proulx
57%
Sainte-Rose Christopher Skeete
57%
Papineau Mathieu Lacombe
57%
Duplessis Kateri Champagne Jourdain
43%
Blainville Mario Laframboise
43%
Saint-Jérôme Youri Chassin
43%
Argenteuil Agnès Grondin
29%
Pontiac André Fortin
29%
Bonaventure Catherine Blouin
29%
Laval-des-Rapides Céline Haytayan
29%
Beauharnois Claude Reid
29%
Rouyn-Noranda–Témiscamingue Daniel Bernard
29%
Rousseau Louis-Charles Thouin
29%
Les Plaines Lucie Lecours
29%
Masson Mathieu Lemay
29%
Abitibi-Est Pierre Dufour
29%
Gatineau Robert Bussière
29%
Prévost Sonia Bélanger
29%
Mirabel Sylvie D'Amours
29%
Vimont Valérie Shmaltz
29%
René-Lévesque Yves Montigny
29%
Huntingdon Carole Mallette
14%
Labelle Chantale Jeannotte
14%
Ungava Denis Lamothe
14%
Joliette François St-Louis
14%
Westmount–Saint-Louis Jennifer Maccarone
14%
Châteauguay Marie-Belle Gendron
14%
Chapleau Mathieu Lévesque
14%
Abitibi-Ouest Suzanne Blais
14%
Hull Suzanne Tremblay
0%
Mille-Îles Virginie Dufour
0%
Aucun quiz correspondant
Distribution des résultats
% des personnes avec chaque résultat
Percentile par nombre de réponses
Votre historique - résultats
Vous n’avez pas pris ce quiz